000 00798nam a22002417a 4500
999 _c15740
_d15740
003 MIRAKIL
005 20240322112134.0
008 240322b tu ||||| |||| 00| 0 tur d
020 _a9789751751591
040 _aTR-AnCHP
_cTR-AnCHP
041 _atur
082 _a418.9932
_bP64e 2022
100 _aPolat, Ülkü
245 1 0 _aEski Uygur Türkçesinde cümle/
_cÜlkü Polat.
250 _aBirinci baskı.
260 _aAnkara :
_bAtatürk Kültür, Dil ve Tarih Yüksek Kurumu Türk Dil Kurumu Yayınları,
_c2022.
300 _a400 sayfa ;
_c24 cm.
490 0 _aTürk Dil Kurumu Yayınları ;
_v1467.
504 _aKaynakça var.
650 0 _97738
_aUygur edebiyatı
856 _zDijital Nüshası için Partimizin Kütüphane Sorumlusu ile iletişime geçiniz.
942 _2ddc
_cBKS